| 000 | 01744cam a2200409 i 4500 | ||
|---|---|---|---|
| 999 |
_c10426 _d10426 |
||
| 003 | OSt | ||
| 005 | 20220316142653.0 | ||
| 008 | 170714t20172017gw ae b 000 0 eng c | ||
| 020 |
_a9783869224367 _q(English edition) |
||
| 020 |
_a3869224363 _q(English edition) |
||
| 020 |
_z9783869224374 _q(Russian edition) |
||
| 020 |
_z3869224371 _q(Russian edition) |
||
| 035 | _a(OCoLC)ocn990411114 | ||
| 041 | 1 |
_aeng _hrus |
|
| 042 | _apcc | ||
| 043 | _ae-ru--- | ||
| 082 |
_a724.6 _bKUZ |
||
| 100 | 1 |
_6880-01 _aKuznet︠s︡ov, P. V. _q(Pavel Vasilʹevich), _eauthor. |
|
| 240 | 1 | 0 |
_aDom Melʹnikova. _lEnglish |
| 245 | 1 | 4 |
_aThe Melnikov House : _bicon of the avant-garde, family home, architecture museum / _cPavel Kuznetsov ; modern photography by Denis Esakov ; translation, Patricia Donegan. |
| 300 |
_a223 pages : _billustrations (some color), plans ; _c24 cm. |
||
| 490 | 1 |
_aBasics ; _vvolume 61 |
|
| 504 | _aIncludes bibliographical references (pages 142-144). | ||
| 600 | 1 | 0 |
_6880-03 _aMelʹnikov, Konstantin Stepanovich, _d1890-1974 _xHomes and haunts. |
| 610 | 2 | 0 |
_6880-02 _aDom Melʹnikova (Moscow, Russia) |
| 650 | 0 |
_aArtists _xDwellings _zRussia (Federation) _zMoscow. |
|
| 650 | 0 |
_aArtists' studios _zRussia (Federation) _zMoscow. |
|
| 650 | 0 |
_aArchitecture, Domestic _zRussia (Federation) _zMoscow. |
|
| 651 | 0 |
_aMoscow (Russia) _xBuildings, structures, etc. |
|
| 700 | 1 |
_6880-06 _aEsakov, Denis, _d1984- _ephotographer. |
|
| 830 | 0 |
_aBasics (Berlin, Germany) ; _v61. |
|
| 856 | 4 | 1 |
_uhttp://d-nb.info/1131091043/04 _3Table of contents |
| 906 |
_a7 _bcbc _cpccadap _d3 _encip _f20 _gy-gencatlg |
||
| 942 | _2ddc | ||